Addicted to the monkey mind : change the programming that sabotages your life (Record no. 590813)

000 -LEADER
fixed length control field 00407nam a22001457a 4500
003 - CONTROL NUMBER IDENTIFIER
control field NUST
005 - DATE AND TIME OF LATEST TRANSACTION
control field 20220807121911.0
008 - FIXED-LENGTH DATA ELEMENTS--GENERAL INFORMATION
fixed length control field 220807b ||||| |||| 00| 0 eng d
038 ## - RECORD CONTENT LICENSOR
Staff Name Azhar
082 ## - DEWEY DECIMAL CLASSIFICATION NUMBER
Classification number 362.29
Author Mark BEN
245 ## - TITLE STATEMENT
Title Addicted to the monkey mind : change the programming that sabotages your life
Statement of responsibility, etc. J. F Benoist
260 ## - PUBLICATION, DISTRIBUTION, ETC.
Place of publication, distribution, etc. USA
Name of publisher, distributor, etc. Pakalana Publishing;
Date of publication, distribution, etc. 2021
300 ## - PHYSICAL DESCRIPTION
Extent 350p
942 ## - ADDED ENTRY ELEMENTS (KOHA)
Source of classification or shelving scheme
Koha item type Lincoln Corner
Holdings
Withdrawn status Lost status Source of classification or shelving scheme Damaged status Not for loan Permanent Location Current Location Shelving location Date acquired Full call number Barcode Date last seen Price effective from Koha item type
          Central Library (CL) Central Library (CL) Lincoln Corner 08/07/2022 362.29 BEN LC-328 08/07/2022 08/07/2022 Reference
© 2023 Central Library, National University of Sciences and Technology. All Rights Reserved.